000 01049nam a2200253Ia 4500
003 OSt
005 20220930204418.0
006 a|||||r|||| 00| 0
007 ta
008 220926b |||||||| |||| 00| 0 hin d
024 _a35831
037 _cDissertations
040 _aCRL
_cCRL
_bhin
041 _2hin
_ahin
100 _aमिश्र, अभय, ले.
110 _aदिल्ली विश्वविद्यालय. कला संकाय. हिन्दी विभाग
245 0 _aनई कविता के संदर्भ में धर्मवीर भारती का साहित्य-चिंतन।
246 _aNaī kavitā ke sandarbha mean dharmavīr bhāratī kā sāhitya.chiantana।
260 _c2015
300 _a109पृ.
_ccm.
700 _aदिल्ली विश्वविद्यालय. कला संकाय. हिन्दी विभाग
942 _cDIS
_2CC
999 _c905983
_d905983